| 000 | 00845nam a2200217Ia 4500 | ||
|---|---|---|---|
| 003 | GCL | ||
| 008 | 140319s9999 xx 000 0 ara d | ||
| 040 |
_aGCL / _cGCL |
||
| 082 | 0 | 4 |
_a240 _bط ع |
| 100 | 1 | _aالصرصرى، سليمان بن عبدالقوى بن الكريم الطوخى | |
| 245 | 1 | 0 |
_aعلم الجذل فى علم الجدل / _cالصرصرى، سليمان بن عبدالقوى بن الكريم الطوخى |
| 700 | 1 | _aهاينريشس، فولفهارت | |
| 260 |
_aبيروت : _bفرانز شتاينر بفيسبادن ، _c1987 |
||
| 300 |
_a313 ص ؛ _c24 سم |
||
| 490 |
_aالنشرات الاسلامية _v32 |
||
| 650 | 0 | 4 | _aالفلسفة الاسلامية |
| 650 | 0 | 4 | _aالاسلام |
| 650 | 0 | 4 | _aدفع المطاعن عن الاسلام |
| 650 | 0 | 4 | _aعلم الكلام |
| 942 |
_2ddc _cBK |
||
| 999 |
_c54407 _d54407 |
||